Geography! 1 (Deserts) - Statistics

General Stats
  • This quiz has been taken 22 times
  • The average score is 9 of 21
Answer Stats
Hint Answer % Correct
Between China And Mongolia Gobi
100%
Huge Desert In Northern Africa Sahara
94%
Sits On The Arabian Peninsula Arabian
78%
Engulfs The Country Of Botswana, Africa Kalahari
78%
Named After A Peninsula In Egypt Sinai
72%
Completely Inside Namibia Namib
61%
Israeli Desert Negev
61%
People Are Mistaken For It Not Being A Desert Antarctica
56%
Dryest Place On Earth Atacama
56%
Californian Desert That Is In Sierra Nevada Mt Range Mojave
39%
Named After Sonora In Mexico Sonoran
39%
Also Nicknamed The ‘Outback’ Great Victoria
33%
Australias Hottest Climate Was In This Desert Simpson
33%
Another Australian Desert North Of The Outback Great Sandy
28%
Named After a Middle Eastern Country In Asia Syrian
28%
The Only Desert In India & Pakistan Thar
22%
Desert In Northern Mexico Chihuahuan
17%
Eastern China Taklamakan
17%
Most Southern Sand Desert Patagonian
6%
The Only European Desert Tabernas
6%
Famous For It’s Alkali Flats & Canyons Black Rock
0%
No matching quizzes found
Score Distribution
Percent of People with Each Score
Percentile by Number Answered
Your Score History
You have not taken this quiz